[Event "1SM"]
[Site "Sharjah Chess Club"]
[Date "2017.03.29"]
[Round "7.30"]
[White "Kuybokarov, Temur"]
[Black "Hesham, Abdelrahman"]
[Result "1-0"]
[BlackElo "2336"]
[WhiteElo "2491"]
[LiveChessVersion "1.4.8"]

1. e4 {[%clk 1:40:57]} e5 {[%clk 1:40:36]} 2. Nf3 {[%clk 1:41:12]} Nc6
{[%clk 1:41:01]} 3. Bc4 {[%clk 1:41:36]} Bc5 {[%clk 1:41:23]} 4. O-O
{[%clk 1:41:06]} Nf6 {[%clk 1:41:29]} 5. d3 {[%clk 1:41:29]} a6 {[%clk 1:40:46]}
6. c3 {[%clk 1:40:26]} d6 {[%clk 1:40:17]} 7. Bb3 {[%clk 1:40:02]} Ba7
{[%clk 1:40:30]} 8. Re1 {[%clk 1:40:16]} O-O {[%clk 1:32:50]} 9. h3
{[%clk 1:40:36]} Ne7 {[%clk 1:27:43]} 10. Nbd2 {[%clk 1:40:13]} Ng6
{[%clk 1:27:45]} 11. Nf1 {[%clk 1:40:17]} Nh5 {[%clk 1:27:07]} 12. d4
{[%clk 1:35:08]} Nhf4 {[%clk 1:20:45]} 13. Ng3 {[%clk 1:33:30]} c6
{[%clk 1:20:21]} 14. Bc2 {[%clk 1:18:28]} exd4 {[%clk 1:15:39]} 15. Nxd4
{[%clk 1:13:23]} Qf6 {[%clk 0:50:58]} 16. Ndf5 {[%clk 1:07:31]} d5
{[%clk 0:34:10]} 17. Qg4 {[%clk 0:53:58]} Bb8 {[%clk 0:26:27]} 18. exd5
{[%clk 0:43:38]} cxd5 {[%clk 0:21:42]} 19. Be3 {[%clk 0:40:41]} Be5
{[%clk 0:18:00]} 20. Rad1 {[%clk 0:33:09]} Be6 {[%clk 0:17:19]} 21. h4
{[%clk 0:28:25]} Bxf5 {[%clk 0:16:28]} 22. Nxf5 {[%clk 0:28:07]} h5
{[%clk 0:16:32]} 23. Qg5 {[%clk 0:21:28]} Qxg5 {[%clk 0:15:52]} 24. hxg5
{[%clk 0:21:51]} Rfd8 {[%clk 0:16:04]} 25. g3 {[%clk 0:18:58]} Ne6
{[%clk 0:16:21]} 26. Bb3 {[%clk 0:17:42]} b5 {[%clk 0:08:50]} 27. Bxd5
{[%clk 0:15:39]} Rab8 {[%clk 0:09:11]} 28. Ba7 {[%clk 0:14:17]} Rbc8
{[%clk 0:07:59]} 29. Rxe5 {[%clk 0:13:20]} Nxe5 {[%clk 0:07:12]} 30. Ne7+
{[%clk 0:13:49]} Kf8 {[%clk 0:04:39]} 31. Nxc8 {[%clk 0:14:11]} Rxc8
{[%clk 0:05:07]} 32. f4 {[%clk 0:13:01]} Nc4 {[%clk 0:02:48]} 33. b3
{[%clk 0:13:18]} Na5 {[%clk 0:01:51]} 34. Bb6 {[%clk 0:11:00]} Nc6
{[%clk 0:02:15]} 35. Be4 {[%clk 0:08:55]} g6 {[%clk 0:01:42]} 36. Rd6
{[%clk 0:07:48]} Ne7 {[%clk 0:02:10]} 37. Ba5 {[%clk 0:06:53]} Nc5
{[%clk 0:02:22]} 38. Bf3 {[%clk 0:06:07]} Nf5 {[%clk 0:02:50]} 39. Rf6
{[%clk 0:06:20]} Nxg3 {[%clk 0:00:35]} 40. Bd5 {[%clk 0:06:16]} Nce4
{[%clk 0:00:33]} 41. Rxf7+ {[%clk 0:05:50]} Ke8 {[%clk 0:01:02]} 42. Rg7
{[%clk 0:05:13]} Nd6 {[%clk 0:00:31]} 43. Be6 {[%clk 0:04:58]} Rc6
{[%clk 0:00:33]} 44. Bd7+ {[%clk 0:05:11]} Kf8 {[%clk 0:01:02]} 45. Rxg6 1-0

[Event "1SM"]
[Site "Sharjah Chess Club"]
[Date "2017.03.29"]
[Round "7.31"]
[White "Ashwath, R."]
[Black "Debashis, Das"]
[Result "1/2-1/2"]
[BlackElo "2480"]
[WhiteElo "2242"]
[LiveChessVersion "1.4.8"]

1. d4 {[%clk 1:40:22]} Nf6 {[%clk 1:40:54]} 2. c4 {[%clk 1:40:45]} e6
{[%clk 1:41:19]} 3. Nc3 {[%clk 1:41:04]} Bb4 {[%clk 1:41:44]} 4. Nf3
{[%clk 1:41:29]} b6 {[%clk 1:42:10]} 5. Bg5 {[%clk 1:41:12]} h6 {[%clk 1:41:15]}
6. Bh4 {[%clk 1:41:27]} Bb7 {[%clk 1:41:41]} 7. Qc2 {[%clk 1:41:16]} g5
{[%clk 1:35:34]} 8. Bg3 {[%clk 1:41:21]} d6 {[%clk 1:33:14]} 9. Nd2
{[%clk 1:38:16]} Nbd7 {[%clk 1:32:07]} 10. f3 {[%clk 1:34:25]} Rg8
{[%clk 0:48:10]} 11. e4 {[%clk 1:32:50]} e5 {[%clk 0:44:28]} 12. Nd5
{[%clk 1:15:57]} Bxd2+ {[%clk 0:28:07]} 13. Qxd2 {[%clk 1:15:50]} Nh5
{[%clk 0:28:05]} 14. Bf2 {[%clk 1:03:22]} c6 {[%clk 0:23:37]} 15. Ne3
{[%clk 1:03:04]} Ng7 {[%clk 0:24:00]} 16. d5 {[%clk 0:42:53]} c5 {[%clk 0:24:16]}
17. h4 {[%clk 0:41:52]} Nf6 {[%clk 0:22:13]} 18. g4 {[%clk 0:31:32]} Qe7
{[%clk 0:22:06]} 19. O-O-O {[%clk 0:30:50]} 1/2-1/2

[Event "1SM"]
[Site "Sharjah Chess Club"]
[Date "2017.03.29"]
[Round "7.32"]
[White "Santos Ruiz, Miguel"]
[Black "Raahul, V S"]
[Result "1-0"]
[BlackElo "2306"]
[WhiteElo "2480"]
[LiveChessVersion "1.4.8"]

1. d4 {[%clk 1:40:57]} f5 {[%clk 1:40:47]} 2. Bg5 {[%clk 1:41:21]} g6
{[%clk 1:40:48]} 3. Nc3 {[%clk 1:41:39]} Bg7 {[%clk 1:40:51]} 4. e3
{[%clk 1:42:01]} Nf6 {[%clk 1:39:52]} 5. h4 {[%clk 1:41:17]} h6 {[%clk 1:40:05]}
6. Bxf6 {[%clk 1:41:39]} Bxf6 {[%clk 1:40:29]} 7. g4 {[%clk 1:40:39]} c5
{[%clk 1:14:46]} 8. gxf5 {[%clk 1:18:34]} cxd4 {[%clk 1:14:14]} 9. exd4
{[%clk 1:19:01]} Qb6 {[%clk 1:14:23]} 10. Qd3 {[%clk 1:12:58]} Qxd4
{[%clk 0:55:47]} 11. fxg6 {[%clk 1:09:43]} Nc6 {[%clk 0:47:24]} 12. Nf3
{[%clk 1:05:56]} Qb4 {[%clk 0:43:48]} 13. O-O-O {[%clk 1:01:27]} O-O
{[%clk 0:40:04]} 14. Nd2 {[%clk 0:53:30]} Kg7 {[%clk 0:32:12]} 15. Nde4
{[%clk 0:52:39]} Be5 {[%clk 0:20:13]} 16. a3 {[%clk 0:43:03]} Qb6
{[%clk 0:20:13]} 17. Ng3 {[%clk 0:42:06]} Qxf2 {[%clk 0:12:09]} 18. Nh5+
{[%clk 0:42:25]} Kg8 {[%clk 0:12:36]} 19. Be2 {[%clk 0:36:15]} Qd4
{[%clk 0:07:12]} 20. g7 {[%clk 0:34:58]} Rf7 {[%clk 0:06:09]} 21. Rhg1
{[%clk 0:33:20]} Qxd3 {[%clk 0:06:10]} 22. Bxd3 {[%clk 0:33:47]} Bxg7
{[%clk 0:06:26]} 23. Rg3 {[%clk 0:31:45]} Nd8 {[%clk 0:04:34]} 24. Rdg1
{[%clk 0:31:55]} Ne6 {[%clk 0:04:57]} 25. Bc4 {[%clk 0:32:21]} 1-0

[Event "1SM"]
[Site "Sharjah Chess Club"]
[Date "2017.03.29"]
[Round "7.33"]
[White "Sankalp, Gupta"]
[Black "Praggnanandhaa, R"]
[Result "1/2-1/2"]
[BlackElo "2455"]
[WhiteElo "2265"]
[LiveChessVersion "1.4.8"]

1. e4 {[%clk 1:39:16]} e5 {[%clk 1:40:44]} 2. Nf3 {[%clk 1:39:37]} Nc6
{[%clk 1:41:10]} 3. d4 {[%clk 1:40:00]} exd4 {[%clk 1:41:34]} 4. Nxd4
{[%clk 1:40:21]} Nf6 {[%clk 1:41:41]} 5. Nxc6 {[%clk 1:40:47]} bxc6
{[%clk 1:42:05]} 6. e5 {[%clk 1:41:07]} Qe7 {[%clk 1:42:24]} 7. Qe2
{[%clk 1:41:30]} Nd5 {[%clk 1:42:50]} 8. c4 {[%clk 1:41:52]} Nb6 {[%clk 1:43:13]}
9. Nc3 {[%clk 1:42:05]} Qe6 {[%clk 1:42:37]} 10. Qe4 {[%clk 1:42:06]} g6
{[%clk 1:40:04]} 11. f4 {[%clk 1:27:38]} Bb4 {[%clk 1:26:45]} 12. Bd2
{[%clk 1:20:36]} a5 {[%clk 1:18:41]} 13. Bd3 {[%clk 1:16:13]} Ba6
{[%clk 1:05:18]} 14. b3 {[%clk 1:14:39]} Bc5 {[%clk 0:57:22]} 15. O-O-O
{[%clk 0:58:00]} O-O-O {[%clk 0:55:59]} 16. Rhe1 {[%clk 0:32:54]} f5
{[%clk 0:45:23]} 17. Qe2 {[%clk 0:19:17]} Bb7 {[%clk 0:28:46]} 18. Kc2
{[%clk 0:15:41]} Kb8 {[%clk 0:24:40]} 19. Be3 {[%clk 0:12:46]} Qe7
{[%clk 0:20:05]} 20. Qf2 {[%clk 0:12:57]} Bxe3 {[%clk 0:20:00]} 21. Qxe3
{[%clk 0:13:13]} Qb4 {[%clk 0:19:20]} 22. c5 {[%clk 0:10:35]} Nd5
{[%clk 0:19:17]} 23. Nxd5 {[%clk 0:10:57]} cxd5 {[%clk 0:19:41]} 24. Kb2
{[%clk 0:09:38]} d4 {[%clk 0:17:49]} 25. Qc1 {[%clk 0:08:09]} Bxg2
{[%clk 0:16:38]} 26. Qc4 {[%clk 0:06:52]} Qxc4 {[%clk 0:13:02]} 27. Bxc4
{[%clk 0:07:20]} d6 {[%clk 0:13:19]} 28. cxd6 {[%clk 0:05:41]} cxd6
{[%clk 0:13:35]} 29. e6 {[%clk 0:04:41]} Be4 {[%clk 0:12:28]} 30. Bb5
{[%clk 0:02:00]} d3 {[%clk 0:12:31]} 31. e7 {[%clk 0:01:46]} Rde8
{[%clk 0:12:46]} 32. Bxe8 {[%clk 0:02:10]} Rxe8 {[%clk 0:13:11]} 33. Rd2
{[%clk 0:00:55]} Kb7 {[%clk 0:13:06]} 34. h4 {[%clk 0:00:42]} Kb6
{[%clk 0:12:55]} 35. Rc1 {[%clk 0:00:33]} Rxe7 {[%clk 0:12:11]} 36. a3
{[%clk 0:00:36]} Ka6 {[%clk 0:11:38]} 37. Rc8 {[%clk 0:00:42]} Kb7
{[%clk 0:11:59]} 38. Rc4 {[%clk 0:00:39]} d5 {[%clk 0:09:43]} 39. Rc5
{[%clk 0:00:40]} Kb6 {[%clk 0:10:09]} 40. Rc8 {[%clk 0:01:01]} Kb7
{[%clk 0:10:33]} 41. Rc1 {[%clk 0:00:49]} Kb6 {[%clk 0:10:40]} 42. Rdd1
{[%clk 0:00:43]} d4 {[%clk 0:06:55]} 43. a4 {[%clk 0:00:39]} Re8 {[%clk 0:06:10]}
44. Ka3 {[%clk 0:01:01]} Re7 {[%clk 0:06:13]} 45. Rd2 {[%clk 0:01:28]} Rd7
{[%clk 0:04:33]} 46. Rc4 {[%clk 0:01:40]} Rd8 {[%clk 0:04:15]} 47. b4
{[%clk 0:01:12]} axb4+ {[%clk 0:04:11]} 48. Kxb4 {[%clk 0:01:40]} Rd7
{[%clk 0:04:19]} 49. Ka3 {[%clk 0:01:08]} Ka6 {[%clk 0:04:12]} 50. Rd1
{[%clk 0:00:39]} Kb6 {[%clk 0:04:01]} 51. Rb1+ {[%clk 0:00:47]} Ka7
{[%clk 0:04:16]} 52. Rb2 {[%clk 0:00:35]} Bb7 {[%clk 0:03:26]} 53. Rc1
{[%clk 0:00:34]} Re7 {[%clk 0:02:32]} 54. Rd1 {[%clk 0:00:36]} Ba6
{[%clk 0:00:51]} 55. Rdd2 {[%clk 0:00:37]} Re3 {[%clk 0:00:36]} 56. Rb4
{[%clk 0:00:35]} Re4 {[%clk 0:00:55]} 57. Rf2 {[%clk 0:00:54]} Re2
{[%clk 0:00:35]} 58. Rb2 {[%clk 0:01:20]} Re3 {[%clk 0:00:40]} 59. Rfd2
{[%clk 0:00:33]} Rf3 {[%clk 0:00:37]} 60. Kb4 {[%clk 0:00:35]} Rxf4
{[%clk 0:00:56]} 61. Rh2 {[%clk 0:00:32]} Re4 {[%clk 0:00:41]} 62. Kc5
{[%clk 0:00:52]} f4 {[%clk 0:00:35]} 63. Rhf2 {[%clk 0:01:22]} h6
{[%clk 0:00:38]} 64. Kd5 {[%clk 0:01:42]} Re2 {[%clk 0:00:39]} 65. Kxd4
{[%clk 0:01:32]} g5 {[%clk 0:00:43]} 66. hxg5 {[%clk 0:01:14]} hxg5
{[%clk 0:01:09]} 67. Rh2 {[%clk 0:01:43]} Re7 {[%clk 0:00:51]} 68. Rbg2
{[%clk 0:00:38]} Rg7 {[%clk 0:00:40]} 69. Kc3 {[%clk 0:00:34]} Rc7+
{[%clk 0:00:32]} 70. Kb2 {[%clk 0:00:34]} Rg7 {[%clk 0:00:34]} 71. Kc3
{[%clk 0:00:38]} g4 {[%clk 0:00:34]} 72. Rh4 {[%clk 0:00:42]} Bc8
{[%clk 0:00:35]} 73. Kxd3 {[%clk 0:00:36]} f3 {[%clk 0:01:01]} 74. Rb2
{[%clk 0:00:34]} g3 {[%clk 0:01:04]} 75. Ke3 {[%clk 0:00:37]} g2 {[%clk 0:00:42]}
76. Rb1 {[%clk 0:01:01]} g1=Q+ {[%clk 0:00:35]} 77. Rxg1 {[%clk 0:01:29]} Rxg1
{[%clk 0:00:59]} 78. Kxf3 {[%clk 0:01:56]} Bb7+ {[%clk 0:01:14]} 79. Ke3
{[%clk 0:01:55]} Rg5 {[%clk 0:01:06]} 80. Kd3 {[%clk 0:02:08]} Ka6
{[%clk 0:00:53]} 81. Rb4 {[%clk 0:00:37]} Bc6 {[%clk 0:01:12]} 82. Kd4
{[%clk 0:00:34]} Ra5 {[%clk 0:00:51]} 83. Rb8 {[%clk 0:00:40]} Bb7
{[%clk 0:01:01]} 84. Rh8 {[%clk 0:00:47]} Kb6 {[%clk 0:01:24]} 85. Rh6+
{[%clk 0:00:34]} Bc6 {[%clk 0:01:52]} 86. Rh2 {[%clk 0:00:38]} Rxa4+
{[%clk 0:01:55]} 87. Ke5 {[%clk 0:01:05]} Kc7 {[%clk 0:01:52]} 88. Rh6
{[%clk 0:01:05]} Re4+ {[%clk 0:02:11]} 89. Kf5 {[%clk 0:01:02]} Re1
{[%clk 0:02:31]} 90. Kf4 {[%clk 0:00:41]} Bd7 {[%clk 0:02:45]} 91. Kf3
{[%clk 0:00:49]} Be6 {[%clk 0:03:08]} 92. Kf4 {[%clk 0:00:34]} Kd6
{[%clk 0:03:35]} 93. Rh5 {[%clk 0:00:45]} Bf7 {[%clk 0:02:54]} 94. Rf5
{[%clk 0:00:32]} Ke6 {[%clk 0:03:13]} 95. Rg5 {[%clk 0:00:42]} Be8
{[%clk 0:02:40]} 96. Rc5 {[%clk 0:00:44]} Bd7 {[%clk 0:02:57]} 97. Rg5
{[%clk 0:00:39]} Kf6 {[%clk 0:03:21]} 98. Rc5 {[%clk 0:00:39]} Ra1
{[%clk 0:03:24]} 99. Ke4 {[%clk 0:00:36]} Ra4+ {[%clk 0:03:40]} 100. Kd5
{[%clk 0:01:00]} Be6+ {[%clk 0:04:06]} 101. Kd6 {[%clk 0:01:14]} Rd4+
{[%clk 0:04:24]} 102. Kc6 {[%clk 0:01:36]} Ke7 {[%clk 0:04:13]} 103. Rh5
{[%clk 0:01:52]} Rc4+ {[%clk 0:03:47]} 104. Rc5 {[%clk 0:01:39]} Bd7+
{[%clk 0:04:07]} 105. Kb6 {[%clk 0:01:11]} Rb4+ {[%clk 0:02:58]} 106. Kc7
{[%clk 0:01:38]} Ke6 {[%clk 0:03:24]} 107. Rc1 {[%clk 0:01:46]} Ba4
{[%clk 0:03:39]} 108. Rc5 {[%clk 0:01:28]} Bb3 {[%clk 0:03:42]} 109. Kc6
{[%clk 0:01:34]} Bc4 {[%clk 0:02:55]} 110. Rh5 {[%clk 0:01:42]} Bd3
{[%clk 0:03:07]} 111. Ra5 {[%clk 0:01:18]} Rb2 {[%clk 0:03:01]} 112. Kc5
{[%clk 0:01:08]} Ke5 {[%clk 0:03:25]} 113. Kc6+ {[%clk 0:01:14]} Kd4
{[%clk 0:03:50]} 114. Rd5+ {[%clk 0:01:29]} Kc3 {[%clk 0:04:17]} 115. Rc5+
{[%clk 0:01:44]} Bc4 {[%clk 0:04:41]} 116. Rh5 {[%clk 0:01:45]} Rg2
{[%clk 0:04:57]} 117. Kc5 {[%clk 0:01:34]} Bd3 {[%clk 0:05:11]} 118. Kd5
{[%clk 0:00:41]} Ra2 {[%clk 0:05:30]} 119. Re5 {[%clk 0:00:44]} Bc4+
{[%clk 0:05:40]} 120. Ke4 {[%clk 0:00:54]} Ra1 {[%clk 0:05:54]} 121. Kf4
{[%clk 0:00:34]} Rg1 {[%clk 0:05:38]} 122. Re7 {[%clk 0:00:37]} Kd4
{[%clk 0:05:14]} 123. Re4+ {[%clk 0:00:56]} Kd5 {[%clk 0:05:41]} 124. Re5+
{[%clk 0:01:14]} Kd6 {[%clk 0:06:07]} 125. Rh5 {[%clk 0:00:41]} Bd5
{[%clk 0:06:28]} 126. Rh6+ {[%clk 0:00:34]} Be6 {[%clk 0:06:55]} 127. Rh5
{[%clk 0:00:39]} Rg4+ {[%clk 0:07:20]} 128. Kf3 {[%clk 0:00:41]} Ra4
{[%clk 0:07:45]} 129. Ke3 {[%clk 0:00:46]} Ke7 {[%clk 0:08:07]} 130. Rh6
{[%clk 0:01:01]} Kd6 {[%clk 0:08:33]} 131. Rh5 {[%clk 0:01:12]} Bf7
{[%clk 0:08:59]} 132. Rf5 {[%clk 0:01:30]} Ke6 {[%clk 0:09:25]} 133. Rb5
{[%clk 0:01:51]} Be8 {[%clk 0:09:49]} 134. Rc5 {[%clk 0:02:00]} Kd6
{[%clk 0:10:11]} 135. Rg5 {[%clk 0:02:23]} Bf7 {[%clk 0:10:37]} 136. Rg7
{[%clk 0:02:28]} Ke6 {[%clk 0:11:03]} 137. Rg5 {[%clk 0:02:45]} Kf6
{[%clk 0:11:29]} 138. Rb5 {[%clk 0:03:05]} 1/2-1/2

[Event "1SM"]
[Site "Sharjah Chess Club"]
[Date "2017.03.29"]
[Round "7.34"]
[White "Arjun, K"]
[Black "Swayams, Mishra"]
[Result "0-1"]
[BlackElo "2450"]
[WhiteElo "2232"]
[LiveChessVersion "1.4.8"]

1. Nf3 {[%clk 1:40:51]} Nf6 {[%clk 1:35:37]} 2. g3 {[%clk 1:40:56]} c5
{[%clk 1:32:47]} 3. Bg2 {[%clk 1:40:44]} Nc6 {[%clk 1:32:53]} 4. d3
{[%clk 1:40:29]} g6 {[%clk 1:31:02]} 5. e4 {[%clk 1:39:03]} d6 {[%clk 1:31:22]}
6. O-O {[%clk 1:38:17]} Bg7 {[%clk 1:31:48]} 7. Nbd2 {[%clk 1:36:44]} O-O
{[%clk 1:32:01]} 8. Nh4 {[%clk 1:29:49]} e5 {[%clk 1:26:53]} 9. c3
{[%clk 1:27:58]} Bg4 {[%clk 1:23:00]} 10. Qe1 {[%clk 1:24:41]} d5
{[%clk 1:21:22]} 11. h3 {[%clk 1:15:44]} Be6 {[%clk 1:19:49]} 12. Qe2
{[%clk 1:14:19]} Re8 {[%clk 1:16:07]} 13. Nhf3 {[%clk 1:10:44]} h6
{[%clk 1:13:05]} 14. Re1 {[%clk 1:09:20]} d4 {[%clk 1:08:30]} 15. Nc4
{[%clk 1:02:20]} Qc7 {[%clk 1:03:07]} 16. a4 {[%clk 0:53:40]} Rad8
{[%clk 0:55:51]} 17. Rd1 {[%clk 0:45:56]} dxc3 {[%clk 0:53:45]} 18. b3
{[%clk 0:32:56]} Nd4 {[%clk 0:44:59]} 19. Nxd4 {[%clk 0:32:59]} cxd4
{[%clk 0:45:21]} 20. f4 {[%clk 0:33:08]} Nd7 {[%clk 0:44:23]} 21. Rf1
{[%clk 0:33:01]} exf4 {[%clk 0:37:59]} 22. gxf4 {[%clk 0:32:16]} Nc5
{[%clk 0:37:43]} 23. Qc2 {[%clk 0:31:23]} a6 {[%clk 0:25:28]} 24. a5
{[%clk 0:25:10]} Qd7 {[%clk 0:19:07]} 25. Rf3 {[%clk 0:22:20]} Bxc4
{[%clk 0:17:40]} 26. bxc4 {[%clk 0:22:44]} Nxe4 {[%clk 0:17:45]} 27. Ba3
{[%clk 0:22:11]} Nd2 {[%clk 0:17:39]} 28. Rf2 {[%clk 0:22:34]} Nxc4
{[%clk 0:12:11]} 29. dxc4 {[%clk 0:22:31]} d3 {[%clk 0:12:38]} 30. Qb3
{[%clk 0:22:41]} c2 {[%clk 0:12:58]} 31. Bb2 {[%clk 0:22:44]} Bxb2
{[%clk 0:11:19]} 32. Qxb2 {[%clk 0:23:09]} d2 {[%clk 0:11:47]} 33. Qxc2
{[%clk 0:23:08]} Re1+ {[%clk 0:12:11]} 0-1

[Event "1SM"]
[Site "Sharjah Chess Club"]
[Date "2017.03.29"]
[Round "7.35"]
[White "Pascua, Haridas"]
[Black "Pratyusha, Bodda"]
[Result "1-0"]
[BlackElo "2281"]
[WhiteElo "2440"]
[LiveChessVersion "1.4.8"]

1. c4 {[%clk 1:40:57]} e5 {[%clk 1:38:11]} 2. g3 {[%clk 1:40:47]} c6
{[%clk 1:38:15]} 3. d4 {[%clk 1:39:40]} exd4 {[%clk 1:37:23]} 4. Qxd4
{[%clk 1:40:01]} d5 {[%clk 1:36:30]} 5. cxd5 {[%clk 1:38:58]} cxd5
{[%clk 1:36:56]} 6. Bg2 {[%clk 1:39:21]} Nf6 {[%clk 1:37:22]} 7. Nf3
{[%clk 1:39:11]} Nc6 {[%clk 1:36:59]} 8. Qa4 {[%clk 1:38:45]} Bc5
{[%clk 1:34:46]} 9. O-O {[%clk 1:36:47]} O-O {[%clk 1:34:48]} 10. Bg5
{[%clk 1:31:39]} h6 {[%clk 1:33:35]} 11. Bxf6 {[%clk 1:31:58]} Qxf6
{[%clk 1:34:02]} 12. Nc3 {[%clk 1:32:21]} Be6 {[%clk 1:32:31]} 13. Rac1
{[%clk 1:22:15]} Qe7 {[%clk 1:31:54]} 14. Rfd1 {[%clk 1:20:50]} Rfd8
{[%clk 1:31:45]} 15. e3 {[%clk 1:20:51]} a6 {[%clk 1:29:44]} 16. Rd2
{[%clk 1:19:28]} Rd7 {[%clk 1:27:07]} 17. a3 {[%clk 1:19:43]} Rad8
{[%clk 1:24:45]} 18. Ne2 {[%clk 1:15:05]} Bb6 {[%clk 1:19:34]} 19. Rcd1
{[%clk 1:12:35]} Qf6 {[%clk 1:17:38]} 20. Qf4 {[%clk 0:59:48]} Qxf4
{[%clk 1:11:32]} 21. gxf4 {[%clk 0:57:24]} Bg4 {[%clk 1:07:11]} 22. h3
{[%clk 0:53:55]} Bh5 {[%clk 1:06:47]} 23. Ng3 {[%clk 0:44:15]} Bxf3
{[%clk 1:05:13]} 24. Bxf3 {[%clk 0:44:38]} d4 {[%clk 0:56:05]} 25. Nf5
{[%clk 0:35:26]} Kf8 {[%clk 0:50:17]} 26. Bxc6 {[%clk 0:32:12]} bxc6
{[%clk 0:50:43]} 27. Nxd4 {[%clk 0:32:31]} Bxd4 {[%clk 0:50:53]} 28. Rxd4
{[%clk 0:32:46]} Rxd4 {[%clk 0:49:21]} 29. Rxd4 {[%clk 0:32:54]} Rb8
{[%clk 0:49:04]} 30. Rb4 {[%clk 0:29:02]} Rxb4 {[%clk 0:36:40]} 31. axb4
{[%clk 0:28:59]} Ke7 {[%clk 0:34:14]} 32. Kf1 {[%clk 0:28:36]} g6
{[%clk 0:34:07]} 33. Ke2 {[%clk 0:28:44]} Ke6 {[%clk 0:31:37]} 34. e4
{[%clk 0:23:51]} Kd6 {[%clk 0:27:09]} 35. Kd3 {[%clk 0:24:10]} g5
{[%clk 0:18:30]} 36. fxg5 {[%clk 0:16:12]} hxg5 {[%clk 0:18:55]} 37. f4
{[%clk 0:16:38]} f6 {[%clk 0:17:19]} 38. e5+ {[%clk 0:16:19]} 1-0

[Event "1SM"]
[Site "Sharjah Chess Club"]
[Date "2017.03.30"]
[Round "8.2"]
[White "Amin, Bassem"]
[Black "Wojtaszek, Radoslaw"]
[Result "1/2-1/2"]
[BlackElo "2745"]
[WhiteElo "2660"]
[LiveChessVersion "1.4.8"]

1. e4 {[%clk 1:39:35]} c5 {[%clk 1:40:26]} 2. Nf3 {[%clk 1:39:55]} d6
{[%clk 1:40:51]} 3. Bb5+ {[%clk 1:39:58]} Bd7 {[%clk 1:41:15]} 4. Bxd7+
{[%clk 1:40:20]} Qxd7 {[%clk 1:41:42]} 5. c4 {[%clk 1:40:37]} Nf6
{[%clk 1:42:06]} 6. Nc3 {[%clk 1:41:03]} g6 {[%clk 1:42:30]} 7. d4
{[%clk 1:41:30]} cxd4 {[%clk 1:42:55]} 8. Nxd4 {[%clk 1:41:57]} Bg7
{[%clk 1:43:10]} 9. f3 {[%clk 1:42:19]} Qc7 {[%clk 1:43:20]} 10. b3
{[%clk 1:42:25]} Qa5 {[%clk 1:43:34]} 11. Qd3 {[%clk 1:42:22]} Nc6
{[%clk 1:33:45]} 12. Be3 {[%clk 1:39:41]} O-O {[%clk 1:27:03]} 13. O-O
{[%clk 1:39:46]} Rac8 {[%clk 1:26:31]} 14. Rac1 {[%clk 1:36:44]} a6
{[%clk 1:24:58]} 15. Rfd1 {[%clk 1:35:29]} Rfd8 {[%clk 1:24:28]} 16. Qe2
{[%clk 1:28:10]} e6 {[%clk 1:19:52]} 17. Qf2 {[%clk 1:15:44]} 1/2-1/2

[Event "1SM"]
[Site "Sharjah Chess Club"]
[Date "2017.03.30"]
[Round "8.3"]
[White "Kryvoruchko, Yuriy"]
[Black "Bluebaum, Matthias"]
[Result "1-0"]
[BlackElo "2632"]
[WhiteElo "2708"]
[LiveChessVersion "1.4.8"]

1. Nf3 {[%clk 1:40:26]} d5 {[%clk 1:39:48]} 2. g3 {[%clk 1:40:51]} g6
{[%clk 1:38:26]} 3. Bg2 {[%clk 1:39:42]} Bg7 {[%clk 1:38:42]} 4. c4
{[%clk 1:40:02]} dxc4 {[%clk 1:37:15]} 5. Na3 {[%clk 1:39:50]} e5
{[%clk 1:32:05]} 6. O-O {[%clk 1:36:05]} e4 {[%clk 1:14:32]} 7. Ne1
{[%clk 1:36:13]} Nf6 {[%clk 1:14:38]} 8. Nxc4 {[%clk 1:35:53]} O-O
{[%clk 1:11:10]} 9. d3 {[%clk 1:35:38]} Be6 {[%clk 0:52:12]} 10. Ne3
{[%clk 1:25:57]} Nc6 {[%clk 0:47:37]} 11. Bd2 {[%clk 1:25:55]} exd3
{[%clk 0:34:24]} 12. Nxd3 {[%clk 1:26:18]} Qd6 {[%clk 0:33:24]} 13. Rc1
{[%clk 1:12:39]} Rfd8 {[%clk 0:30:52]} 14. Bxc6 {[%clk 1:12:20]} bxc6
{[%clk 0:31:21]} 15. Qa4 {[%clk 1:12:39]} Qe7 {[%clk 0:23:24]} 16. Bb4
{[%clk 1:00:00]} Qe8 {[%clk 0:23:42]} 17. Qxc6 {[%clk 1:00:09]} Bxa2
{[%clk 0:17:55]} 18. Qxe8+ {[%clk 0:56:24]} Rxe8 {[%clk 0:17:00]} 19. Rxc7
{[%clk 0:56:04]} Nd5 {[%clk 0:16:07]} 20. Nxd5 {[%clk 0:56:25]} Bxd5
{[%clk 0:16:35]} 21. Nf4 {[%clk 0:52:06]} Bb3 {[%clk 0:15:52]} 22. Bc3
{[%clk 0:51:35]} Bxc3 {[%clk 0:11:24]} 23. Rxc3 {[%clk 0:52:00]} Rab8
{[%clk 0:11:53]} 24. Re1 {[%clk 0:50:06]} Be6 {[%clk 0:09:51]} 25. Rc2
{[%clk 0:47:45]} g5 {[%clk 0:07:40]} 26. Nxe6 {[%clk 0:46:03]} Rxe6
{[%clk 0:08:08]} 27. Rd1 {[%clk 0:42:51]} Rb7 {[%clk 0:07:53]} 28. Rd5
{[%clk 0:42:34]} h6 {[%clk 0:08:08]} 29. Kg2 {[%clk 0:42:20]} Kg7
{[%clk 0:08:13]} 30. e3 {[%clk 0:41:33]} Reb6 {[%clk 0:07:15]} 31. Rdd2
{[%clk 0:41:55]} Rb3 {[%clk 0:06:47]} 32. Kf3 {[%clk 0:41:55]} Kg6
{[%clk 0:04:53]} 33. h3 {[%clk 0:41:53]} f6 {[%clk 0:04:00]} 34. Ke2
{[%clk 0:40:11]} a5 {[%clk 0:04:11]} 35. f4 {[%clk 0:40:16]} gxf4
{[%clk 0:02:27]} 36. gxf4 {[%clk 0:40:41]} a4 {[%clk 0:02:33]} 37. Kf3
{[%clk 0:41:00]} Re7 {[%clk 0:02:36]} 38. Rg2+ {[%clk 0:40:51]} Kf7
{[%clk 0:02:35]} 39. Rce2 {[%clk 0:41:02]} f5 {[%clk 0:01:16]} 40. Re1
{[%clk 0:40:45]} Reb7 {[%clk 0:01:00]} 41. Reg1 {[%clk 0:39:40]} Rxb2
{[%clk 0:00:58]} 42. Rg7+ {[%clk 0:40:05]} Ke6 {[%clk 0:00:38]} 43. R7g6+
{[%clk 0:40:28]} Kd5 {[%clk 0:01:01]} 44. Ra6 {[%clk 0:38:45]} Ra2
{[%clk 0:00:53]} 45. Rc1 {[%clk 0:38:24]} Rb5 {[%clk 0:00:33]} 46. Rf6
{[%clk 0:38:47]} Rbb2 {[%clk 0:00:33]} 47. Rxf5+ {[%clk 0:39:04]} Ke6
{[%clk 0:00:52]} 48. Ra5 {[%clk 0:39:24]} Rf2+ {[%clk 0:00:42]} 49. Ke4
{[%clk 0:39:47]} Rfe2 {[%clk 0:00:36]} 50. Rc3 {[%clk 0:39:59]} Ra1
{[%clk 0:00:41]} 51. f5+ {[%clk 0:39:58]} Kd7 {[%clk 0:00:55]} 52. Ra7+
{[%clk 0:39:48]} Kd6 {[%clk 0:00:56]} 53. Ra6+ {[%clk 0:40:13]} Kd7
{[%clk 0:01:22]} 54. Ke5 {[%clk 0:39:14]} Rae1 {[%clk 0:01:28]} 55. Ra7+
{[%clk 0:39:09]} Kd8 {[%clk 0:01:47]} 56. Ke4 1-0